01067nam a2200301Ic 450000100060000000300100000600500170001600700030003300800410003602000180007704000350009504100080013008200210013810000450015924501270020425000220033126400450035330000490039833600270044733700330047433800280050750400320053552100410056765000500060865000440065865000230070265000400072559885CO-BoRNBP20251111193348.0ta210901s2014 ck o er 000 0 spa d a9789588829289 aCO-BoRNBPbspaerdacCO-BoRNBP aspa04a635.04bP17c222 aParedes Zambrano, Guillermo Alfredoeaut10aCómo cultivar sus hortalizas y hierbas aromáticas en casa :bagricultura urbana /cGuillermo Alfredo Paredes Zambrano. aPrimera edición 1aBogotá, Colombia :bProdumedios,c2014 a48 páginas :bilustraciones, fotografías atextobtxt2rdacontent asin mediaciónbn2rdamedia avolumenbnc2rdacarrier aBibliografía: página 48 aRecomendado para un público adulto07aHortalizasxCultivo y medios de cultivo2lemb07aHortalizasxEnfermedades y plagas2lemb07aHorticultura2lemb07aPlantas aromáticasxCultivo2lemb